00554nam a2200193 a 450000100060000000300080000600500170001400800390003103500190007004000270008904100080011608200240012410000190014824500620016726000520022930000250028160000310030670000230033756252BD-RjUL20211209080355.0161127s1980 enka b 000 1 eng a(BD-RjUL)56376 aDLCcDLCdBD-RjULbeng aeng00a823.8223bHAT 19801 aHardy, Thomas 10aTess of the d'Urbervilles :ba pure woman /cThomas Hardy aNew York :bReader's Digest Association,c1980. axx, 507 p. ;c20 cm.10aHardy, Thomas,d1840-1928. aGuerard, Albert J.